000
00330nam a2200133Ia 4500
008
210210b1974 xxu||||| |||| 00| 0 eng d
082
_a
820.43 NARR
100
_a
NARAYAN (R K).
245
_a
Reluctant guru.
260
_a
Delhi
_b
Hind Pocket Book Ltd.,
_c
1974
300
_a
173
690
_a
Indian English Prose
906
_a
031664
999
_c
82608
_d
82608